| 000 | 00872cam a2200253 a 4500 | ||
|---|---|---|---|
| 001 | 15596780 | ||
| 005 | 20180223072108.0 | ||
| 008 | 090123s2009 orua b 000 0 eng | ||
| 010 | _a 2009001333 | ||
| 020 | _a9781564842541 (pbk.) | ||
| 035 | _a(OCoLC)ocn276817961 | ||
| 040 |
_aDLC _cDLC _dYDX _dBTCTA _dYDXCP _dCDX _dDLC |
||
| 041 | _aeng | ||
| 080 | _a371.334 PAM | ||
| 082 | 0 | 0 |
_a371.334 PAM _222 |
| 100 | 1 | _a25 | |
| 101 | _aEDU | ||
| 245 | 1 | 0 |
_a1-to-1 learning : _cPamela Livingston. |
| 246 | 3 | _aOne-to-one learning | |
| 504 | _aIncludes bibliographical references. | ||
| 906 |
_a7 _bcbc _corignew _d1 _eecip _f20 _gy-gencatlg |
||
| 942 |
_2ddc _cBK |
||
| 999 |
_c43254 _d43254 |
||